[Event "Choc des Generations"]
[Site "Montreal QC"]
[Date "2015.06.27"]
[Round "3"]
[White "Kraiouchkine, Nikita"]
[Black "Libersan, Thierry"]
[Result "1-0"]
[WhiteElo "2257"]
[BlackElo "2125"]
[PlyCount "155"]
[EventDate "2015.06.26"]
[EventType "schev"]
[EventRounds "5"]
[EventCountry "CAN"]

1. Nf3 d5 2. e3 e6 3. b3 Nd7 4. Bb2 Ngf6 5. d4 c6 6. Nbd2 Bd6 7. Bd3 O-O 8. Ne5
c5 9. f4 b6 10. g4 cxd4 11. exd4 Bb7 12. Qf3 Ne4 13. Nxd7 Qxd7 14. Nxe4 dxe4
15. Bxe4 Bxe4 16. Qxe4 f5 17. gxf5 Bb4+ 18. c3 exf5 19. Qd3 Rae8+ 20. Kd1 Bd6
21. Kc2 Bxf4 22. Raf1 Bd6 23. Rf2 Qe6 24. Rhf1 g6 25. h4 Qe4 26. h5 Bg3 27. Rf3
f4 28. Ba3 Rf5 29. Qxe4 Rxe4 30. hxg6 hxg6 31. Bd6 Re6 32. Bxf4 Bxf4 33. Rxf4
Rxf4 34. Rxf4 Re2+ 35. Kb1 Kg7 36. a4 g5 37. Rf1 Kg6 38. Kc1 g4 39. Rf8 Kh5 40.
Rg8 Kh4 41. d5 Re7 42. Kd2 g3 43. c4 a5 44. Kd3 Kh3 45. Kd4 Re1 46. d6 Rd1+ 47.
Ke5 g2 48. Ke6 Re1+ 49. Kf7 Rf1+ 50. Ke7 Re1+ 51. Kd8 Re3 52. Rxg2 Kxg2 53. d7
Rxb3 54. Kc7 Rb4 55. d8=Q Rxc4+ 56. Kxb6 Rxa4 57. Qd5+ Kf2 58. Kb5 Rf4 59. Kxa5
Kg3 60. Kb5 Kg4 61. Qg2+ Kf5 62. Kc5 Re4 63. Kd5 Re5+ 64. Kd4 Re6 65. Qh3+ Kf6
66. Kd5 Re5+ 67. Kd6 Rg5 68. Qc3+ Kf5 69. Qf3+ Kg6 70. Ke6 Kh6 71. Qe4 Kg7 72.
Qf4 Rg6+ 73. Ke7 Kh7 74. Qe5 Kg8 75. Qh5 Rh6 76. Qg5+ Kh7 77. Kf7 Rb6 78. Qg7#
1-0

[Event "Choc des Generations"]
[Site "Montreal QC"]
[Date "2015.06.28"]
[Round "4"]
[White "Bolduc, Steve"]
[Black "Kraiouchkine, Nikita"]
[Result "0-1"]
[WhiteElo "2188"]
[BlackElo "2257"]
[PlyCount "148"]
[EventDate "2015.06.26"]
[EventType "schev"]
[EventRounds "5"]
[EventCountry "CAN"]

1. c4 e6 2. g3 Nf6 3. Bg2 d5 4. Nf3 Be7 5. O-O c6 6. b3 O-O 7. Bb2 a5 8. d3 a4
9. Nbd2 a3 10. Bc3 b5 11. b4 bxc4 12. dxc4 dxc4 13. e4 Na6 14. Rb1 Rb8 15. Ne5
Nxb4 16. Rxb4 Bxb4 17. Nxc6 Bxc3 18. Nxd8 Rxd8 19. e5 Ne8 20. Qc2 Bxd2 21. Qxc4
Rb4 22. Qc5 Bb7 23. Rd1 Bxg2 24. Kxg2 Rbd4 25. Rb1 R4d7 26. Qxa3 Bg5 27. Qb3
Ra7 28. h4 Be7 29. Rc1 Rda8 30. Rc2 Nc7 31. a4 Nd5 32. Rc4 h5 33. Qc2 g6 34.
Rc8+ Rxc8 35. Qxc8+ Kg7 36. Qc6 Bb4 37. Qb5 Ra5 38. Qe8 Rc5 39. Qa8 Rc3 40. a5
Ra3 41. a6 Nc7 42. Qd8 Nxa6 43. g4 hxg4 44. h5 Rf3 45. hxg6 Bf8 46. gxf7 Kxf7
47. Qg5 Rf5 48. Qxg4 Nb4 49. Qc4 Nd5 50. Qc8 Rxe5 51. Qb8 Rf5 52. f3 Nf4+ 53.
Kg3 Ng6 54. Qc7+ Be7 55. Qc8 Ne5 56. Qh8 Rxf3+ 57. Kg2 Rf5 58. Qc8 Ng6 59. Qd7
Kf6 60. Qc8 e5 61. Qc6+ Kg5 62. Qe8 Bc5 63. Qd8+ Be7 64. Qe8 Rf4 65. Qd7 Bf6
66. Qb5 Nh4+ 67. Kh3 Rf3+ 68. Kh2 Nf5 69. Qe8 Kf4 70. Kg2 e4 71. Qb8+ Be5 72.
Qb4 Ne3+ 73. Kg1 Rf1+ 74. Kh2 Kf3+ 0-1

[Event "Choc des Generations"]
[Site "Montreal QC"]
[Date "2015.06.28"]
[Round "5"]
[White "Kraiouchkine, Nikita"]
[Black "Robichaud, Louis"]
[Result "0-1"]
[WhiteElo "2257"]
[BlackElo "2017"]
[PlyCount "68"]
[EventDate "2015.06.26"]
[EventType "schev"]
[EventRounds "5"]
[EventCountry "CAN"]

1. d4 Nf6 2. Nc3 d5 3. Bg5 Bf5 4. f3 c6 5. Bxf6 gxf6 6. e4 Bg6 7. Nge2 e6 8. h4
h5 9. Nf4 Qd6 10. g3 Bh6 11. Nfe2 Nd7 12. Bg2 Nb6 13. b3 Rd8 14. Kf2 O-O 15. f4
c5 16. exd5 cxd4 17. Ne4 Bxe4 18. Bxe4 f5 19. Bf3 Nxd5 20. Qxd4 Bg7 21. Qxa7
Bxa1 22. Rxa1 b6 23. Qa4 Nf6 24. Qb5 Ng4+ 25. Bxg4 hxg4 26. c4 Qd2 27. Qe5 Rd3
28. h5 Rf3+ 29. Kg1 Re3 30. Qf6 Qxe2 31. Qh4 Rd3 32. h6 Qe3+ 33. Kf1 Qf3+ 34.
Kg1 Qxg3+ 0-1

[Event "Quebec-ch Amateur"]
[Site "Montreal CAN"]
[Date "2014.10.10"]
[Round "1"]
[White "Kraiouchkine, Nikita"]
[Black "Le Duin, Thierry"]
[Result "1-0"]
[WhiteElo "2339"]
[BlackElo "2070"]
[PlyCount "111"]
[EventDate "2014.10.10"]
[EventType "swiss"]
[EventRounds "7"]
[EventCountry "CAN"]

1. d4 Nf6 2. Nf3 g6 3. Bf4 Bg7 4. Nc3 d6 5. e4 Bg4 6. h3 Bxf3 7. Qxf3 Nh5 8.
Be3 Nd7 9. g4 Nhf6 10. O-O-O c6 11. e5 Ng8 12. exd6 exd6 13. Re1 Ne7 14. Bg5 f6
15. Bf4 d5 16. Bd6 Bf8 17. Nxd5 cxd5 18. Qxd5 Qb6 19. Bb5 O-O-O 20. Bxe7 Bxe7
21. Rxe7 Ne5 22. Qe6+ Qxe6 23. Rxe6 Rxd4 24. Rxf6 Rhd8 25. Re1 a6 26. Bf1 R4d5
27. Bg2 Rc5 28. Rd1 Rxd1+ 29. Kxd1 Rc7 30. Rf8+ Kd7 31. f4 Nc4 32. Rf7+ Kd6 33.
Rxc7 Kxc7 34. Kc1 b6 35. b3 Nd6 36. Kd2 a5 37. Ke3 Nb5 38. c4 Na7 39. Kd4 Kd6
40. Bb7 Kc7 41. Bd5 Kd6 42. a3 Nc8 43. b4 axb4 44. axb4 Na7 45. c5+ bxc5+ 46.
bxc5+ Ke7 47. Ke5 Nb5 48. f5 gxf5 49. gxf5 Nc7 50. f6+ Kf8 51. Bc4 h6 52. Kd6
Ne8+ 53. Ke5 Nc7 54. c6 h5 55. h4 Ne8 56. Be2 1-0

[Event "Quebec-ch Amateur"]
[Site "Montreal CAN"]
[Date "2014.10.11"]
[Round "3"]
[White "Kraiouchkine, Nikita"]
[Black "Bolduc, Steve"]
[Result "1-0"]
[WhiteElo "2339"]
[BlackElo "2292"]
[PlyCount "91"]
[EventDate "2014.10.10"]
[EventType "swiss"]
[EventRounds "7"]
[EventCountry "CAN"]

1. d4 Nf6 2. c4 e6 3. g3 d5 4. Bg2 dxc4 5. Nf3 c5 6. O-O Nc6 7. e3 Rb8 8. a4 a6
9. Qc2 b5 10. axb5 axb5 11. Ne5 Nb4 12. Qe2 Bd6 13. Bd2 Bxe5 14. dxe5 Nfd5 15.
e4 Ne7 16. Be3 Qc7 17. f4 O-O 18. Rd1 Nd3 19. b3 Nxe5 20. fxe5 cxb3 21. Qf2 c4
22. Bc5 Nc6 23. Bd6 Qb7 24. Bxf8 Kxf8 25. Bf1 Ke8 26. Qc5 Qb6 27. Qxb6 Rxb6 28.
Ra8 Nb8 29. Kf2 Bd7 30. Rd6 Rb7 31. Rda6 Ke7 32. R8a7 Rxa7 33. Rxa7 Nc6 34. Rb7
Nxe5 35. Ke3 Kd6 36. Kd4 Bc6 37. Ra7 Bd7 38. Rb7 Bc6 39. Rb6 Nf3+ 40. Kc3 Kc5
41. Rb8 Nd4 42. Nd2 e5 43. Bxc4 bxc4 44. Nxc4 Bxe4 45. Nxe5 Bd5 46. Nd3+ 1-0

[Event "Quebec-ch Amateur"]
[Site "Montreal CAN"]
[Date "2014.10.12"]
[Round "4"]
[White "Kraiouchkine, Nikita"]
[Black "Zhu, Hong Rui"]
[Result "1-0"]
[WhiteElo "2339"]
[BlackElo "2193"]
[PlyCount "59"]
[EventDate "2014.10.10"]
[EventType "swiss"]
[EventRounds "7"]
[EventCountry "CAN"]

1. e4 c5 2. Nc3 Nc6 3. g3 g6 4. Bg2 Bg7 5. Nge2 e6 6. d3 Nge7 7. Be3 Nd4 8. Rb1
d6 9. a3 Rb8 10. b4 b6 11. Qd2 O-O 12. f4 Bb7 13. O-O Qd7 14. g4 f5 15. gxf5
exf5 16. Ng3 fxe4 17. dxe4 d5 18. bxc5 bxc5 19. e5 Nef5 20. Nxf5 Qxf5 21. Rxb7
Rxb7 22. Bxd5+ Rbf7 23. Bxd4 cxd4 24. Qxd4 Qxc2 25. Ne4 Kh8 26. Bxf7 Rxf7 27.
Ng5 Rf5 28. Qxa7 Rxf4 29. Qa8+ Bf8 30. Rxf4 1-0

[Event "Quebec-ch Amateur"]
[Site "Montreal CAN"]
[Date "2014.10.12"]
[Round "5"]
[White "Yu, Zong Yang"]
[Black "Kraiouchkine, Nikita"]
[Result "1-0"]
[WhiteElo "2321"]
[BlackElo "2339"]
[PlyCount "78"]
[EventDate "2014.10.10"]
[EventType "swiss"]
[EventRounds "7"]
[EventCountry "CAN"]

1. d4 d5 2. c4 e6 3. Nf3 Nf6 4. g3 Be7 5. Bg2 O-O 6. O-O Nbd7 7. Qc2 c5 8. cxd5
exd5 9. Nc3 cxd4 10. Nxd4 Nb6 11. Rd1 Bd7 12. b3 Rc8 13. Bb2 Qc7 14. Rac1 Rfd8
15. Qd3 Qe5 16. e3 Bf8 17. a4 Bg4 18. Nce2 Nbd7 19. f3 Bh5 20. Nf4 Bg6 21. Qd2
Qb8 22. g4 Bd6 23. h4 h6 24. Nxg6 fxg6 25. g5 Rxc1 26. Rxc1 hxg5 27. hxg5 Nh5
28. f4 Nc5 29. Bxd5+ Kh7 30. Qg2 Nd3 31. Ne6 Bc5 32. Rxc5 Nxc5 33. Nxd8 Qxd8
34. Bd4 Qa5 35. Kh2 Nd3 36. Bc4 Nc1 37. Qd5 Qxd5 38. Bxd5 b6 39. Bc4 Na2 1-0

[Event "Quebec-ch Amateur"]
[Site "Montreal CAN"]
[Date "2014.10.13"]
[Round "6"]
[White "Kraiouchkine, Nikita"]
[Black "Sambuev, Bator"]
[Result "0-1"]
[WhiteElo "2339"]
[BlackElo "2569"]
[PlyCount "83"]
[EventDate "2014.10.10"]
[EventType "swiss"]
[EventRounds "7"]
[EventCountry "CAN"]

1. d4 Nf6 2. c4 e6 3. Nf3 b6 4. g3 Ba6 5. Qc2 c5 6. Bg2 Bb7 7. dxc5 Bxc5 8. O-O
O-O 9. Nc3 Nc6 10. Bg5 h6 11. Bxf6 Qxf6 12. Ne4 Qe7 13. a3 a5 14. Rfd1 Rfd8 15.
Rd2 Rac8 16. Rad1 Nb8 17. Nd6 Bxd6 18. Rxd6 b5 19. c5 Bd5 20. Nd4 Qxd6 21. cxd6
Rxc2 22. Nxc2 Bxg2 23. Kxg2 Nc6 24. Nd4 Nxd4 25. Rxd4 Rc8 26. Rd2 f5 27. f4 Kf7
28. Kf3 Rc4 29. g4 g5 30. e3 fxg4+ 31. Kxg4 gxf4 32. exf4 Kf6 33. Re2 Rc5 34.
Rd2 e5 35. fxe5+ Rxe5 36. Rd3 Rg5+ 37. Kf4 Rh5 38. Re3 Rxh2 39. b4 axb4 40.
axb4 Rh4+ 41. Kg3 Rd4 42. Rc3 0-1

[Event "Quebec-ch Amateur"]
[Site "Montreal CAN"]
[Date "2014.10.13"]
[Round "7"]
[White "Robichaud, Louis"]
[Black "Kraiouchkine, Nikita"]
[Result "1-0"]
[WhiteElo "1982"]
[BlackElo "2339"]
[PlyCount "97"]
[EventDate "2014.10.10"]
[EventType "swiss"]
[EventRounds "7"]
[EventCountry "CAN"]

1. e4 c5 2. Nc3 a6 3. g3 b5 4. Bg2 Bb7 5. d3 b4 6. Nd5 e6 7. Ne3 Nf6 8. f4 d5
9. e5 Nfd7 10. Nf3 Nc6 11. O-O Qb6 12. c4 bxc3 13. bxc3 Be7 14. c4 d4 15. Ng4
h5 16. Nf2 h4 17. Ne4 hxg3 18. hxg3 O-O-O 19. Bd2 f6 20. Rb1 Qc7 21. Qa4 fxe5
22. Nxe5 Ndxe5 23. fxe5 Rdf8 24. Bf4 g5 25. Nd6+ Bxd6 26. exd6 Qd7 27. Rxb7
Qxb7 28. Bxc6 Qb6 29. d7+ Kd8 30. Bxg5+ Kc7 31. Rxf8 Rxf8 32. d8=Q+ Rxd8 33.
Bxd8+ Kxd8 34. Be4 Ke7 35. Qc2 Qb4 36. Qc1 Kd7 37. Kg2 a5 38. Kh3 a4 39. Qg5 a3
40. Qg7+ Kd6 41. Qf8+ Kd7 42. Qf7+ Kd6 43. Qf8+ Kd7 44. Bg6 Qb2 45. Be8+ Kc7
46. Qxc5+ Kd8 47. Bb5 Qf2 48. Qd6+ Kc8 49. Ba6# 1-0

[Event "Montreal op"]
[Site "Montreal CAN"]
[Date "2014.09.05"]
[Round "1"]
[White "Kraiouchkine, Nikita"]
[Black "Ming, Wenyang"]
[Result "1-0"]
[WhiteElo "2335"]
[BlackElo "2117"]
[PlyCount "65"]
[EventDate "2014.09.05"]
[EventType "swiss"]
[EventRounds "5"]
[EventCountry "CAN"]

1. d4 Nf6 2. Nf3 c5 3. d5 b5 4. c4 g6 5. cxb5 a6 6. b6 d6 7. Nc3 Nbd7 8. e4 Rb8
9. Be2 Bg7 10. Nd2 O-O 11. h4 Ne5 12. h5 Rxb6 13. f4 Neg4 14. Nc4 Rb4 15. hxg6
fxg6 16. a3 Rb8 17. e5 dxe5 18. fxe5 Nf2 19. Kxf2 Ng4+ 20. Kg1 Nf2 21. Qe1 Nxh1
22. Kxh1 Bb7 23. Bf3 e6 24. Nd6 Ba8 25. Bg4 exd5 26. Be6+ Kh8 27. Nxd5 Bxd5 28.
Bxd5 Rf1+ 29. Qxf1 Qh4+ 30. Kg1 Qd4+ 31. Be3 Qxd5 32. Rd1 Qe6 33. Bxc5 1-0

[Event "Montreal op"]
[Site "Montreal CAN"]
[Date "2014.09.06"]
[Round "2"]
[White "Nicula, Marius"]
[Black "Kraiouchkine, Nikita"]
[Result "0-1"]
[WhiteElo "2233"]
[BlackElo "2335"]
[PlyCount "74"]
[EventDate "2014.09.05"]
[EventType "swiss"]
[EventRounds "5"]
[EventCountry "CAN"]

1. Nf3 d5 2. g3 Nf6 3. Bg2 c6 4. O-O Bg4 5. d3 Nbd7 6. h3 Bf5 7. Nh4 Bg6 8. Nd2
e5 9. Nxg6 hxg6 10. c4 Qb6 11. Rb1 a5 12. cxd5 cxd5 13. Nf3 Bc5 14. e3 Bd6 15.
Bd2 O-O 16. Bc3 Rfe8 17. Re1 Qb5 18. Bf1 Qc6 19. Rc1 Qb6 20. Re2 Rad8 21. Qa4
Nc5 22. Qd1 e4 23. Ne1 Ne6 24. Qa4 Bb4 25. Bxf6 gxf6 26. dxe4 dxe4 27. a3 Bxe1
28. Rcxe1 Ng5 29. Rd1 Rxd1 30. Qxd1 Rd8 31. Qc2 Qe6 32. h4 Nf3+ 33. Kg2 Qg4 34.
Qc7 Nxh4+ 35. Kh2 Nf3+ 36. Kg2 Rd5 37. Qf4 Rh5 0-1

[Event "Montreal op"]
[Site "Montreal CAN"]
[Date "2014.09.06"]
[Round "3"]
[White "Kraiouchkine, Nikita"]
[Black "MacKinnon, Keith"]
[Result "1/2-1/2"]
[WhiteElo "2335"]
[BlackElo "2283"]
[PlyCount "34"]
[EventDate "2014.09.05"]
[EventType "swiss"]
[EventRounds "5"]
[EventCountry "CAN"]

1. d4 Nf6 2. Nf3 e6 3. e3 c5 4. b3 Be7 5. Bb2 O-O 6. Bd3 Nc6 7. a3 b6 8. O-O
Bb7 9. Nbd2 Qc7 10. c4 Rac8 11. Bb1 d6 12. e4 cxd4 13. Nxd4 Nxd4 14. Bxd4 Nd7
15. b4 Bf6 16. Nb3 Rfd8 17. Qe2 Ba6 1/2-1/2

[Event "Montreal op"]
[Site "Montreal CAN"]
[Date "2014.09.07"]
[Round "4"]
[White "Masse, Hugues"]
[Black "Kraiouchkine, Nikita"]
[Result "1/2-1/2"]
[WhiteElo "2305"]
[BlackElo "2335"]
[PlyCount "28"]
[EventDate "2014.09.05"]
[EventType "swiss"]
[EventRounds "5"]
[EventCountry "CAN"]

1. d4 Nf6 2. c4 e6 3. g3 b6 4. Bg2 c6 5. e4 d5 6. e5 Nfd7 7. cxd5 cxd5 8. Ne2
Bb4+ 9. Bd2 Bxd2+ 10. Nxd2 Ba6 11. Rc1 O-O 12. O-O Qe7 13. Re1 Qb4 14. Nb3 Bc4
1/2-1/2

[Event "Montreal op"]
[Site "Montreal CAN"]
[Date "2014.09.07"]
[Round "5"]
[White "Kraiouchkine, Nikita"]
[Black "Yu, Zong Yang"]
[Result "1/2-1/2"]
[WhiteElo "2335"]
[BlackElo "2304"]
[PlyCount "100"]
[EventDate "2014.09.05"]
[EventType "swiss"]
[EventRounds "5"]
[EventCountry "CAN"]

1. d4 Nf6 2. Nf3 b6 3. e3 Bb7 4. b3 g6 5. Bb2 Bg7 6. c4 O-O 7. Nc3 e6 8. Be2 c5
9. dxc5 bxc5 10. Qd2 d5 11. cxd5 exd5 12. O-O Nbd7 13. Rac1 Rc8 14. Ba3 Ne4 15.
Nxe4 dxe4 16. Ng5 Ne5 17. Qxd8 Rfxd8 18. Rfd1 h6 19. Nh3 g5 20. Rxc5 Rxd1+ 21.
Bxd1 Rd8 22. Bc2 Rd2 23. Rc7 Bc6 24. Rc8+ Kh7 25. Rxc6 Nxc6 26. Bxe4+ Kg8 27.
f4 Rxa2 28. Bd6 g4 29. Bxc6 Ra6 30. Bb5 Rxd6 31. Nf2 h5 32. Nd3 Bf6 33. Kf2 Bd8
34. h3 Bh4+ 35. Ke2 gxh3 36. gxh3 Rg6 37. Ne5 Rg2+ 38. Kd3 Kg7 39. Bc4 Rg3 40.
Bxf7 Rxh3 41. Bxh5 Bf2 42. Bf3 Bh4 43. Bg2 Rg3 44. Bd5 Be7 45. Nc6 Bc5 46. Nd4
Kf6 47. Nc2 Kf5 48. Nd4+ Kf6 49. Nc2 Kf5 50. Nd4+ Kf6 1/2-1/2

[Event "CAN-op U2400"]
[Site "Montreal CAN"]
[Date "2014.07.19"]
[Round "1"]
[White "Kraiouchkine, Nikita"]
[Black "Twesigye, Derick"]
[Result "1-0"]
[WhiteElo "2232"]
[BlackElo "2023"]
[PlyCount "127"]
[EventDate "2014.07.19"]
[EventType "swiss"]
[EventRounds "9"]
[EventCountry "CAN"]

1. d4 Nf6 2. c4 g6 3. Nc3 Bg7 4. e4 d6 5. f3 O-O 6. Be3 c5 7. dxc5 dxc5 8. Qxd8
Rxd8 9. Bxc5 Nc6 10. Rc1 Nd7 11. Ba3 a5 12. Nd5 Nb4 13. Nxe7+ Kh8 14. Rd1 Nc2+
15. Kf2 Nxa3 16. bxa3 Bf8 17. Nd5 Nc5 18. Be2 Bg7 19. Nh3 Bxh3 20. gxh3 Rf8 21.
Nb6 Rad8 22. Rxd8 Rxd8 23. Nd5 Rf8 24. Rb1 f5 25. exf5 Rxf5 26. Rb5 Bd4+ 27.
Ke1 Kg7 28. f4 h5 29. Kd2 a4 30. Bf3 Rf8 31. Rb1 Re8 32. Re1 Rxe1 33. Kxe1 Bg1
34. Kf1 Bd4 35. Ke2 Bg1 36. Kf1 Bd4 37. Bd1 Bb2 38. f5 gxf5 39. Bxh5 Bxa3 40.
Bd1 Bb2 41. Bc2 Be5 42. Bxf5 Bxh2 43. Kg2 Be5 44. Kf3 Kf7 45. h4 a3 46. Bc2 Ke6
47. Nf4+ Kd6 48. Kg4 Ne6 49. Nd3 Bf6 50. h5 Nd4 51. Bd1 b5 52. c5+ Kd5 53. Bf3+
Nxf3 54. Kxf3 b4 55. Nxb4+ Kxc5 56. Nc2 Bb2 57. Ke4 Kd6 58. Kf5 Ke7 59. Kg6 Kf8
60. h6 Kg8 61. Ne3 Bc1 62. Nc4 Bb2 63. h7+ Kh8 64. Nd6 1-0

[Event "CAN-op U2400"]
[Site "Montreal CAN"]
[Date "2014.07.20"]
[Round "2"]
[White "Boudreau, Daniel"]
[Black "Kraiouchkine, Nikita"]
[Result "0-1"]
[WhiteElo "2066"]
[BlackElo "2232"]
[PlyCount "47"]
[EventDate "2014.07.19"]
[EventType "swiss"]
[EventRounds "9"]
[EventCountry "CAN"]

1. e4 d5 2. exd5 Nf6 3. Nf3 Qxd5 4. d4 Bg4 5. Be2 Nc6 6. Be3 O-O-O 7. c4 Qh5 8.
Nc3 e5 9. d5 e4 10. Nd2 Ne5 11. f3 exf3 12. Nxf3 Re8 13. Kd2 Bb4 14. Re1 Bxf3
15. gxf3 Qxh2 16. Kc1 a6 17. a3 Bxc3 18. bxc3 Qh4 19. Rh1 Qg3 20. Rg1 Qh3 21.
Bd4 Ng6 22. Ra2 Qd7 23. Rb2 Nh5 24. Qb3 {...} 0-1

[Event "CAN-op U2400"]
[Site "Montreal CAN"]
[Date "2014.07.20"]
[Round "3"]
[White "Kraiouchkine, Nikita"]
[Black "Fillion, Steve"]
[Result "1/2-1/2"]
[WhiteElo "2232"]
[BlackElo "2140"]
[PlyCount "84"]
[EventDate "2014.07.19"]
[EventType "swiss"]
[EventRounds "9"]
[EventCountry "CAN"]

1. e4 e6 2. d4 d5 3. Nd2 c5 4. exd5 exd5 5. dxc5 Bxc5 6. Nb3 Bb6 7. Nf3 Ne7 8.
Bd3 O-O 9. O-O Nbc6 10. c3 h6 11. h3 Bf5 12. Re1 d4 13. cxd4 Nxd4 14. Nbxd4
Bxd4 15. Nxd4 Qxd4 16. Rxe7 Bxd3 17. Rxb7 Qd5 18. Rb3 Rfd8 19. Be3 Qe4 20. Qg4
Qxg4 21. hxg4 Be2 22. f3 a6 23. Kf2 Bc4 24. Rc3 Rac8 25. b3 Be6 26. Rac1 Rxc3
27. Rxc3 Rc8 28. Bc5 Kh7 29. Ke3 Kg6 30. Kd2 h5 31. gxh5+ Kxh5 32. Kc1 g5 33.
Kb2 g4 34. a4 Kh4 35. b4 Kg3 36. fxg4+ Kxg4 37. Ka3 Bd5 38. g3 f5 39. Rd3 Be4
40. Rd6 Rc6 41. Rxc6 Bxc6 42. Bd6 Kf3 1/2-1/2

[Event "CAN-op U2400"]
[Site "Montreal CAN"]
[Date "2014.07.21"]
[Round "4"]
[White "Itkin, David"]
[Black "Kraiouchkine, Nikita"]
[Result "1-0"]
[WhiteElo "2096"]
[BlackElo "2232"]
[PlyCount "77"]
[EventDate "2014.07.19"]
[EventType "swiss"]
[EventRounds "9"]
[EventCountry "CAN"]

1. e4 e5 2. Nf3 Nc6 3. Nc3 Nf6 4. Be2 g6 5. d4 exd4 6. Nxd4 d6 7. Bg5 Bg7 8. f4
h6 9. Bh4 g5 10. Nxc6 bxc6 11. fxg5 Nh7 12. O-O Nxg5 13. Bc4 O-O 14. Qh5 Qe7
15. Bxg5 hxg5 16. e5 d5 17. Bd3 Re8 18. Bh7+ Kf8 19. Bg6 Be6 20. Rxf7+ Bxf7 21.
Rf1 Bxe5 22. Rxf7+ Qxf7 23. Bxf7 Re7 24. Bg6 Rb8 25. Qh6+ Bg7 26. Qxg5 Rxb2 27.
Qf5+ Kg8 28. Qc8+ Bf8 29. h4 Rb4 30. h5 Rc4 31. h6 Rf4 32. h7+ Kg7 33. g3 Re1+
34. Kg2 Rff1 35. Qxc7+ Kh8 36. Ne2 Rf6 37. Nf4 Re7 38. Qc8 Rg7 39. Ne6 1-0

[Event "CAN-op U2400"]
[Site "Montreal CAN"]
[Date "2014.07.22"]
[Round "5"]
[White "Kraiouchkine, Nikita"]
[Black "Plotkin, Mark"]
[Result "1-0"]
[WhiteElo "2232"]
[BlackElo "2036"]
[PlyCount "77"]
[EventDate "2014.07.19"]
[EventType "swiss"]
[EventRounds "9"]
[EventCountry "CAN"]

1. d4 Nf6 2. Nf3 d5 3. e3 c5 4. dxc5 e6 5. b3 Bxc5 6. Bb2 O-O 7. Nbd2 Qe7 8.
Be2 b6 9. O-O Nbd7 10. c4 Bb7 11. a3 Rad8 12. b4 Bd6 13. Qa4 e5 14. cxd5 Bxd5
15. Rfd1 e4 16. Nd4 Qe5 17. Nf1 Qg5 18. Nb5 Bb8 19. Rac1 Be5 20. Bd4 Ng4 21.
Bxg4 Qxg4 22. Nc7 Bxc7 23. Rxc7 b5 24. Qc2 Bc4 25. h3 Qe6 26. Nd2 Bd3 27. Qc3
Qg6 28. Rxa7 Nf6 29. Bxf6 gxf6 30. Ra6 Rd5 31. Nf1 Kg7 32. Ng3 h5 33. h4 Rfd8
34. Rc6 R8d7 35. Kh2 Rd8 36. f3 exf3 37. gxf3 Be4 38. Rxd5 Bxd5 39. Rxf6 1-0

[Event "CAN-op U2400"]
[Site "Montreal CAN"]
[Date "2014.07.24"]
[Round "7"]
[White "Kraiouchkine, Nikita"]
[Black "Libersan, Thierry"]
[Result "1-0"]
[WhiteElo "2232"]
[BlackElo "2090"]
[PlyCount "43"]
[EventDate "2014.07.19"]
[EventType "swiss"]
[EventRounds "9"]
[EventCountry "CAN"]

1. e4 c5 2. Ne2 d6 3. d4 cxd4 4. Nxd4 Nf6 5. Nc3 a6 6. Bc4 e6 7. Be3 Nbd7 8.
Bxe6 fxe6 9. Nxe6 Qa5 10. O-O Ne5 11. b4 Qxb4 12. Nc7+ Kd8 13. Nxa8 Qxc3 14.
Bd4 Qc6 15. Bxe5 b5 16. Bxf6+ gxf6 17. Qd4 Rg8 18. Nb6 Bh3 19. Nd5 Rxg2+ 20.
Kh1 Bg7 21. Qe3 Qd7 22. Nf4 1-0

[Event "CAN-op U2400"]
[Site "Montreal CAN"]
[Date "2014.07.25"]
[Round "8"]
[White "Li, Kevin"]
[Black "Kraiouchkine, Nikita"]
[Result "0-1"]
[WhiteElo "2152"]
[BlackElo "2232"]
[PlyCount "66"]
[EventDate "2014.07.19"]
[EventType "swiss"]
[EventRounds "9"]
[EventCountry "CAN"]

1. e4 e5 2. Nf3 Nc6 3. Bb5 Nf6 4. Nc3 Nd4 5. Bc4 Nxf3+ 6. Qxf3 d6 7. h3 Be7 8.
d3 Be6 9. Bb3 Qd7 10. Be3 O-O 11. O-O b5 12. Nd5 Nxd5 13. exd5 Bf5 14. a4 a6
15. Ra2 Bg6 16. axb5 axb5 17. Rfa1 Rxa2 18. Rxa2 f5 19. Bd2 f4 20. Ra7 h6 21.
Ba5 Bd8 22. d4 e4 23. Qg4 Qxg4 24. hxg4 e3 25. Kf1 f3 26. g3 e2+ 27. Ke1 h5 28.
gxh5 Bxh5 29. Bb4 Bg6 30. c4 Kf7 31. Ra1 Bg5 32. Bd1 Rh8 33. Bxe2 Rh1+ 0-1

[Event "Choc des Generations"]
[Site "Montreal CAN"]
[Date "2014.06.27"]
[Round "1"]
[White "Kraiouchkine, Nikita"]
[Black "Tremblay, Rejean"]
[Result "1-0"]
[WhiteElo "2312"]
[BlackElo "2206"]
[PlyCount "127"]
[EventDate "2014.06.27"]
[EventType "schev"]
[EventRounds "5"]
[EventCountry "CAN"]

1. e4 e6 2. d4 d5 3. Nc3 Bb4 4. exd5 exd5 5. Bd3 Nc6 6. Nge2 Nge7 7. Bg5 f6 8.
Bf4 Bf5 9. h4 Qd7 10. h5 O-O-O 11. Qd2 g5 12. Be3 Bxd3 13. Qxd3 Bxc3+ 14. Qxc3
Qg4 15. Rh2 Rde8 16. Kd2 Kb8 17. Re1 Nc8 18. f3 Qd7 19. Bf2 Nd6 20. b3 f5 21.
Rhh1 h6 22. a4 Qf7 23. Nc1 Rxe1 24. Kxe1 Re8+ 25. Kd1 f4 26. Nd3 Nf5 27. b4 Qg7
28. Re1 Rxe1+ 29. Qxe1 Qe7 30. Qxe7 Ncxe7 31. Ne5 Ng8 32. b5 Nf6 33. c4 dxc4
34. Nxc4 Nxh5 35. Kd2 Nf6 36. Kd3 a6 37. bxa6 bxa6 38. Na5 Kc8 39. Nb3 Kb7 40.
Be1 c6 41. Ba5 Nd7 42. Bb4 Nh4 43. Bd6 Nxg2 44. Na5+ Kb6 45. Nc4+ Ka7 46. Ne5
Nxe5+ 47. dxe5 Kb7 48. Ke4 h5 49. Kf5 h4 50. e6 Kc8 51. Kg6 h3 52. e7 Kd7 53.
Kf7 Kxd6 54. e8=Q h2 55. Qe7+ Kd5 56. Qxg5+ Kd4 57. Qxg2 c5 58. Qxh2 Ke3 59.
Qg1+ Kxf3 60. Qxc5 Kg2 61. Qg5+ Kf3 62. Ke6 Ke4 63. Qe5+ Kf3 64. Kf5 1-0

[Event "Choc des Generations"]
[Site "Montreal CAN"]
[Date "2014.06.28"]
[Round "2"]
[White "Lopez Linares, Lizandro"]
[Black "Kraiouchkine, Nikita"]
[Result "1/2-1/2"]
[WhiteElo "2188"]
[BlackElo "2312"]
[PlyCount "41"]
[EventDate "2014.06.27"]
[EventType "schev"]
[EventRounds "5"]
[EventCountry "CAN"]

1. d4 Nf6 2. Nf3 e6 3. Bg5 c5 4. e3 d5 5. c3 Be7 6. Nbd2 Nbd7 7. Bd3 c4 8. Bc2
b5 9. O-O Bb7 10. Qb1 h6 11. Bh4 O-O 12. a3 Rc8 13. e4 dxe4 14. Nxe4 Bxe4 15.
Bxe4 Nxe4 16. Bxe7 Qxe7 17. Qxe4 Nf6 18. Qe5 Nd5 19. Rfe1 Qb7 20. Nd2 Qe7 21.
Nf3 1/2-1/2

[Event "Choc des Generations"]
[Site "Montreal CAN"]
[Date "2014.06.28"]
[Round "3"]
[White "Kraiouchkine, Nikita"]
[Black "Masse, Hugues"]
[Result "0-1"]
[WhiteElo "2312"]
[BlackElo "2266"]
[PlyCount "104"]
[EventDate "2014.06.27"]
[EventType "schev"]
[EventRounds "5"]
[EventCountry "CAN"]

1. e4 c5 2. Ne2 d6 3. d4 cxd4 4. Nxd4 Nf6 5. Nc3 a6 6. Bc4 e6 7. O-O Be7 8. f4
b5 9. Bb3 b4 10. Na4 O-O 11. f5 e5 12. Ne2 Bb7 13. Bd5 Bxd5 14. exd5 Nbd7 15.
c4 bxc3 16. Nexc3 Nb6 17. Be3 Nxa4 18. Qxa4 Qd7 19. Qxd7 Nxd7 20. Ne4 Rfb8 21.
Rac1 Rxb2 22. Rc7 Nf6 23. Nxf6+ Bxf6 24. Rfc1 Kf8 25. a4 Ke8 26. R1c6 Bd8 27.
Ra7 Rab8 28. Raxa6 Rb1+ 29. Kf2 R8b2+ 30. Kf3 Rf1+ 31. Ke4 Rb3 32. Ra8 Re1 33.
Kf3 Rexe3+ 34. Kf2 Rec3 35. f6 gxf6 36. Rac8 Rb2+ 37. Kg1 Rxc6 38. dxc6 Rc2 39.
a5 Ke7 40. a6 Bb6+ 41. Kf1 Ra2 42. c7 Kd7 43. Rf8 Kxc7 44. Rxf7+ Kc6 45. Rxf6
Rxa6 46. Rh6 Ra7 47. Ke2 Rf7 48. Kd3 Kd5 49. Rh5 Rg7 50. Rh4 Rxg2 51. Ra4 Rxh2
52. Rd4+ Ke6 0-1